000 00309nam a22001337a 4500
008 180227b xxu||||| |||| 00| 0 eng d
020 _a9780495280958
041 _aeng
080 _a51
100 _a38
101 _amat
245 _aprecalculus mathematics for calculus
_cstewart.r.w
942 _2udc
_cBK
999 _c43558
_d43558